[Event "BL 0405 SC Baden Oos - SC Eppingen"]
[Site "?"]
[Date "2004.11.12"]
[Round "7.4"]
[White "Krasenkow, Michal"]
[Black "Schulze, Ulrich"]
[Result "1-0"]
[WhiteElo "2676"]
[BlackElo "2333"]
[PlyCount "43"]
[EventDate "2004.??.??"]

1. Nf3 Nf6 2. c4 g6 3. Nc3 Bg7 4. e4 c5 5. d4 cxd4 6. Nxd4 d6 7. f3 Nc6 8. Be3
Bd7 9. Qd2 Nxd4 10. Bxd4 Bc6 11. O-O-O Qa5 12. Kb1 O-O 13. h4 e5 14. Be3 Nh5
15. g4 Nf4 16. h5 h6 17. g5 gxh5 18. gxh6 Bxh6 19. Rxh5 Nxh5 20. Bxh6 f6 21.
Bxf8 Rxf8 22. Qxd6 1-0

[Event "BL 0405 SC Baden Oos - SC Eppingen"]
[Site "?"]
[Date "2004.11.12"]
[Round "7.5"]
[White "Miltner, Arndt"]
[Black "Dautov, Rustem"]
[Result "0-1"]
[WhiteElo "2402"]
[BlackElo "2623"]
[PlyCount "74"]
[EventDate "2004.??.??"]

1. e4 c6 2. d3 d5 3. Qe2 dxe4 4. dxe4 e5 5. Nf3 Bd6 6. Nbd2 Nf6 7. g3 O-O 8.
Bg2 b6 9. O-O Ba6 10. Nc4 Nbd7 11. b3 Qe7 12. Bb2 Ba3 13. Bxa3 Qxa3 14. Nxa3
Bxe2 15. Rfe1 Bxf3 16. Bxf3 b5 17. c3 Nc5 18. Nc2 a5 19. Re2 Rfd8 20. Ne1 Ra7
21. Bg2 Kf8 22. f3 Rd6 23. Rc1 Nfd7 24. Rcc2 Nb6 25. Red2 Rad7 26. Rxd6 Rxd6
27. Bf1 Rd1 28. Kf2 a4 29. b4 Ncd7 30. Be2 Ra1 31. Ng2 a3 32. Ne3 Rb1 33. Nd1
c5 34. bxc5 Nxc5 35. Ke3 Ke7 36. Kd2 Kd6 37. Rc1 Nb3+ 0-1

[Event "BL 0405 SC Baden Oos - SC Eppingen"]
[Site "?"]
[Date "2004.11.12"]
[Round "7.7"]
[White "Koch, Wolfgang Max Dr"]
[Black "Doettling, Fabian"]
[Result "1/2-1/2"]
[WhiteElo "2330"]
[BlackElo "2526"]
[PlyCount "51"]
[EventDate "2004.??.??"]

1. d4 d5 2. c4 c6 3. Nc3 Nf6 4. cxd5 cxd5 5. Nf3 Nc6 6. Bf4 a6 7. Rc1 Bf5 8. e3
Rc8 9. Bd3 Bxd3 10. Qxd3 e6 11. O-O Be7 12. h3 O-O 13. Ne5 Nxe5 14. Bxe5 Nd7
15. Ne2 Qa5 16. a3 Rc4 17. Rxc4 dxc4 18. Qxc4 Nxe5 19. dxe5 Qxe5 20. Qb3 Qe4
21. Rc1 Bf6 22. Ng3 Qe5 23. Qxb7 Qxb2 24. Qxb2 Bxb2 25. Rc6 Bxa3 26. Rxa6
1/2-1/2

[Event "BL 0405 SC Baden Oos - SC Eppingen"]
[Site "?"]
[Date "2004.11.12"]
[Round "7.8"]
[White "Keitlinghaus, Ludger"]
[Black "Gruber, Thomas"]
[Result "1-0"]
[WhiteElo "2493"]
[BlackElo "2307"]
[PlyCount "69"]
[EventDate "2004.??.??"]

1. e4 c6 2. d4 d5 3. exd5 cxd5 4. Bd3 Nc6 5. c3 g6 6. Nf3 Nh6 7. Bf4 Bf5 8. Be2
Bg7 9. Nbd2 O-O 10. O-O Kh8 11. b4 f6 12. Nb3 Nf7 13. b5 Na5 14. Nxa5 Qxa5 15.
c4 dxc4 16. Bxc4 Rac8 17. Qb3 Nd6 18. Bxd6 exd6 19. a4 Be4 20. Bd5 Rc3 21. Qa2
Bxf3 22. Bxf3 f5 23. Bxb7 Bxd4 24. Rad1 Qb4 25. Bc6 Qc5 26. Qe2 Qe5 27. Qd2 Bc5
28. Rfe1 Qf6 29. Bd5 Ra3 30. a5 Qc3 31. Qxc3+ Rxc3 32. b6 axb6 33. a6 b5 34.
Ra1 Rc2 35. Re7 1-0

[Event "BL 0405 SC Kreuzberg - SFR Neukölln"]
[Site "?"]
[Date "2004.11.12"]
[Round "7.1"]
[White "Nataf, Igor-Alexandre"]
[Black "Nisipeanu, Liviu-Dieter"]
[Result "0-1"]
[WhiteElo "2565"]
[BlackElo "2687"]
[PlyCount "108"]
[EventDate "2004.??.??"]

1. e4 c5 2. Nf3 Nc6 3. d4 cxd4 4. Nxd4 Nf6 5. Nc3 d6 6. Bg5 g6 7. Bb5 Bd7 8.
Bxf6 exf6 9. Nde2 Be6 10. Nf4 Bg7 11. Qd3 O-O 12. Nxe6 fxe6 13. Rd1 f5 14. Bxc6
bxc6 15. Qxd6 Qb6 16. O-O Qxb2 17. Na4 Qxa2 18. Nc5 fxe4 19. Nxe6 Rf6 20. Qxc6
Raf8 21. c4 e3 22. Qd5 Rf5 23. Qb7 R5f7 24. Qb1 Qxc4 25. Nxf8 e2 26. Nxg6
exf1=R+ 27. Rxf1 hxg6 28. Qxg6 a5 29. Rd1 Rf8 30. h3 Qe2 31. Rf1 a4 32. Qb6 Qb2
33. Qa6 Qb3 34. Re1 a3 35. Re2 Rf6 36. Qa8+ Bf8 37. Re3 Qd1+ 38. Kh2 Qd6+ 39.
Kg1 Qc5 40. Rg3+ Kh8 41. Rf3 Rxf3 42. Qxf3 Kg7 43. Qg4+ Kf6 44. Qf3+ Ke6 45. g3
Bd6 46. h4 Qd5 47. Qg4+ Kf6 48. h5 a2 49. Qg6+ Ke7 50. Qg7+ Kd8 51. Qf6+ Kd7
52. Qg7+ Be7 53. Qa1 Qa5 54. Kg2 Ke6 0-1

[Event "BL 0405 SC Kreuzberg - SFR Neukölln"]
[Site "?"]
[Date "2004.11.12"]
[Round "7.2"]
[White "Almasi, Zoltan"]
[Black "Miroshnichenko, Evgenij"]
[Result "1-0"]
[WhiteElo "2650"]
[BlackElo "2617"]
[PlyCount "83"]
[EventDate "2004.??.??"]

1. e4 Nf6 2. e5 Nd5 3. d4 d6 4. c4 Nb6 5. exd6 cxd6 6. Nc3 g6 7. Be3 Bg7 8. Rc1
O-O 9. b3 e5 10. dxe5 dxe5 11. Qxd8 Rxd8 12. c5 N6d7 13. Nf3 Nc6 14. Bc4 Na5
15. Be2 Nf8 16. Nb5 Ne6 17. Nd6 h6 18. O-O Rb8 19. Rfd1 Nc6 20. Bc4 Bd7 21. Rd2
Na5 22. Bd5 Bc6 23. Bxe6 fxe6 24. b4 Bxf3 25. gxf3 Nc6 26. a3 a6 27. Kf1 Rd7
28. Ke2 Ne7 29. Nc4 Nd5 30. Nb6 Rdd8 31. Rd3 Ne7 32. Rcd1 Nc6 33. Rd6 Bf8 34.
Rd7 Re8 35. Rc7 Re7 36. Rxe7 Bxe7 37. Rd7 Bf8 38. Nc4 e4 39. fxe4 g5 40. f3 Bg7
41. h3 Bf6 42. f4 1-0

[Event "BL 0405 SC Kreuzberg - SFR Neukölln"]
[Site "?"]
[Date "2004.11.12"]
[Round "7.4"]
[White "Maiwald, Jens-Uwe"]
[Black "Borriss, Martin Dr"]
[Result "1-0"]
[WhiteElo "2514"]
[BlackElo "2439"]
[PlyCount "81"]
[EventDate "2004.??.??"]

1. e4 c5 2. Nc3 Nc6 3. Bb5 d6 4. Bxc6+ bxc6 5. d3 g6 6. f4 Bg7 7. Nf3 Bg4 8. h3
Bxf3 9. Qxf3 Rb8 10. O-O Qd7 11. f5 Nf6 12. Rb1 O-O 13. b3 Ne8 14. Bd2 Nc7 15.
Ne2 Nb5 16. a4 Nd4 17. Nxd4 cxd4 18. Rbe1 d5 19. g4 dxe4 20. Rxe4 gxf5 21. gxf5
Bf6 22. Bh6 Rfe8 23. Rf2 Kh8 24. Rg2 Rg8 25. Reg4 Be5 26. Bf4 Bxf4 27. Qxf4 Qd6
28. Qxd4+ Qxd4+ 29. Rxd4 Rgd8 30. Re4 Rb7 31. Kf2 Rd5 32. Rf4 Rbd7 33. Kf3 Rd4
34. Rfg4 Rd8 35. Rxd4 Rxd4 36. Rg4 Rd5 37. Ke4 e6 38. fxe6 f5+ 39. Kf4 fxg4 40.
e7 Rd4+ 41. Ke3 1-0

[Event "BL 0405 SC Kreuzberg - SFR Neukölln"]
[Site "?"]
[Date "2004.11.12"]
[Round "7.5"]
[White "Berndt, Stephan"]
[Black "Kalinitschew, Sergey"]
[Result "1/2-1/2"]
[WhiteElo "2438"]
[BlackElo "2533"]
[PlyCount "61"]
[EventDate "2004.??.??"]

1. e4 c5 2. Nf3 Nc6 3. d4 cxd4 4. Nxd4 e5 5. Nb5 d6 6. N1c3 a6 7. Na3 b5 8. Nd5
Nf6 9. Bg5 Be7 10. Bxf6 Bxf6 11. c4 b4 12. Nc2 a5 13. g3 Bg5 14. Bg2 O-O 15.
O-O Ne7 16. Nxe7+ Qxe7 17. Qd3 Qc7 18. b3 Qc5 19. Rad1 Rd8 20. Kh1 Bb7 21. f4
exf4 22. gxf4 Bf6 23. Ne3 a4 24. Nf5 axb3 25. axb3 Ra2 26. Rd2 Rxd2 27. Qxd2 g6
28. Nh6+ Kg7 29. Ng4 Bc3 30. Qd3 h5 31. Ne3 1/2-1/2

[Event "BL 0405 SC Kreuzberg - SFR Neukölln"]
[Site "?"]
[Date "2004.11.12"]
[Round "7.6"]
[White "Volke, Karsten"]
[Black "Thiede, Lars"]
[Result "0-1"]
[WhiteElo "2483"]
[BlackElo "2442"]
[PlyCount "158"]
[EventDate "2004.??.??"]

1. Nf3 g6 2. c4 Bg7 3. e4 d6 4. d4 Nf6 5. Nc3 O-O 6. Be2 Na6 7. O-O e5 8. Be3
Ng4 9. Bg5 Qe8 10. dxe5 dxe5 11. h3 h6 12. Bd2 Nf6 13. Be3 Qe7 14. Nd5 Qd8 15.
Qc2 c6 16. Nxf6+ Qxf6 17. c5 Nc7 18. Rad1 Qe7 19. Qd2 Kh7 20. Qd6 Re8 21. Bd2
Nb5 22. Bxb5 cxb5 23. Bc3 Qxd6 24. cxd6 Bd7 25. Ne1 Bc6 26. d7 Red8 27. Nd3
Rxd7 28. Nc5 Rxd1 29. Rxd1 b6 30. Rd6 Rc8 31. Nd7 Bxe4 32. Bxe5 Bxe5 33. Nxe5
Rc7 34. f3 Bf5 35. Nc6 Kg7 36. a3 Bd7 37. Nd4 Kf8 38. Rd5 Ke7 39. Re5+ Kf6 40.
Rd5 Rc1+ 41. Kf2 Ke7 42. Re5+ Kd6 43. Re2 Rd1 44. Nc2 Be6 45. Ne3 Rd3 46. g4 g5
47. h4 Rb3 48. Rd2+ Ke7 49. h5 a5 50. Rc2 a4 51. Nd1 b4 52. axb4 Rxb4 53. Rc7+
Kf6 54. Ra7 b5 55. Ke3 Rb3+ 56. Ke4 Rb4+ 57. Ke3 Bc4 58. Ra6+ Kg7 59. Rd6 Rb3+
60. Ke4 Be6 61. Ra6 Bd7 62. Rd6 Bc8 63. Rb6 b4 64. Rb8 Be6 65. Ra8 Rxf3 66. Ne3
Rf4+ 67. Ke5 Bxg4 68. Rxa4 Bd7 69. Ra7 Be6 70. Rb7 b3 71. Nd1 Rf5+ 72. Ke4 g4
73. Ne3 Rxh5 74. Kf4 Ra5 75. Kg3 h5 76. Kh4 Kg6 77. Ng2 Rf5 78. Rb4 Rf3 79.
Nf4+ Kf5 0-1

[Event "BL 0405 SC Kreuzberg - SFR Neukölln"]
[Site "?"]
[Date "2004.11.12"]
[Round "7.7"]
[White "Poldauf, Dirk"]
[Black "Tischbierek, Raj"]
[Result "0-1"]
[WhiteElo "2418"]
[BlackElo "2477"]
[PlyCount "84"]
[EventDate "2004.??.??"]

1. c4 e6 2. g3 d5 3. Bg2 Nf6 4. Nf3 dxc4 5. Qa4+ c6 6. Qxc4 b5 7. Qb3 Bb7 8.
O-O Nbd7 9. d4 a6 10. a4 c5 11. axb5 Bd5 12. Qc2 Be4 13. Qb3 Bd5 14. Qc2 Be4
15. Qd1 axb5 16. Rxa8 Qxa8 17. Nc3 Bc6 18. dxc5 Bxc5 19. Ne1 Bxg2 20. Nxg2 b4
21. Na4 Be7 22. Bg5 O-O 23. Nf4 Qa5 24. Bxf6 Nxf6 25. b3 h6 26. Qc2 Bd6 27. Ng2
Qh5 28. Ne3 Bb8 29. Nb2 Ba7 30. Nbc4 Rc8 31. Qa2 Bc5 32. Kg2 Bxe3 33. Nxe3 Nd5
34. Nc4 Nc3 35. Qa6 Qd5+ 36. f3 Ra8 37. Qb6 Ra2 38. Qxb4 Nxe2 39. Ne3 Qd3 40.
Qb8+ Kh7 41. Qe5 Nf4+ 42. Kg1 Qe2 0-1

[Event "BL 0405 SC Kreuzberg - SFR Neukölln"]
[Site "?"]
[Date "2004.11.12"]
[Round "7.8"]
[White "Loeffler, Stefan"]
[Black "Rudolf, Henrik"]
[Result "1/2-1/2"]
[WhiteElo "2432"]
[BlackElo "2322"]
[PlyCount "68"]
[EventDate "2004.??.??"]

1. d4 Nf6 2. c4 g6 3. Nc3 Bg7 4. e4 d6 5. Be2 O-O 6. Bg5 c5 7. d5 h6 8. Bf4 e6
9. dxe6 Bxe6 10. Bxd6 Re8 11. Nf3 Nc6 12. O-O Nd4 13. e5 Nd7 14. Nxd4 cxd4 15.
Qxd4 Nxe5 16. Bxe5 Qxd4 17. Bxd4 Bxd4 18. Rac1 Rad8 19. b3 Bxc3 20. Rxc3 Rd2
21. Bf3 Rxa2 22. Bxb7 Rb8 23. Be4 Ra3 24. Bc2 a5 25. Rg3 a4 26. bxa4 Rxg3 27.
hxg3 Bxc4 28. Rb1 Rd8 29. Rb4 Be6 30. a5 Rc8 31. Ba4 Ra8 32. Rb5 Bd7 33. Rb4
Be6 34. Rb5 Bd7 1/2-1/2

[Event "BL 0405 Preetzer TSV - Hamburger SK"]
[Site "?"]
[Date "2004.11.26"]
[Round "7.2"]
[White "Pedersen, Steffen"]
[Black "Ftacnik, Lubomir"]
[Result "1/2-1/2"]
[WhiteElo "2441"]
[BlackElo "2533"]
[PlyCount "96"]
[EventDate "2004.??.??"]

1. d4 Nf6 2. c4 g6 3. Nc3 d5 4. Qb3 dxc4 5. Qxc4 Bg7 6. e4 O-O 7. Be2 Nfd7 8.
Be3 Nb6 9. Qc5 e5 10. d5 c6 11. Qa5 f5 12. Rd1 {#} fxe4 13. dxc6 Nxc6 14. Bxb6
Qxb6 15. Qxb6 axb6 16. Bc4+ Kh8 17. Nxe4 b5 18. Bb3 Nd4 19. Ne2 Bg4 20. f3 Bxf3
21. Rxd4 Bxe2 22. Rd7 Bg4 23. Rxb7 Rac8 24. Nc3 e4 25. Rf1 {#} Bxc3+ 26. bxc3
Rxf1+ 27. Kxf1 e3 28. h3 Bf5 29. Ke2 Re8 30. Ke1 Be4 31. Rxb5 Bxg2 32. a4 Rc8
33. Bd5 Bxd5 34. Rxd5 Rxc3 35. Ke2 Ra3 36. Rd3 Rxa4 37. Kxe3 h5 38. Kf3 Kg7 39.
Rd5 Kf6 40. Kg3 Ra3+ 41. Kg2 Re3 42. Ra5 Re5 43. Ra8 Kf5 44. Kf3 Rb5 45. Rf8+
Kg5 46. Kg2 Rb2+ 47. Kg1 Kh4 48. Rf3 Rb1+ 1/2-1/2

[Event "BL 0405 Preetzer TSV - Hamburger SK"]
[Site "?"]
[Date "2004.11.26"]
[Round "7.3"]
[White "Hansen, Sune Berg"]
[Black "Fries Nielsen, Jens Ove"]
[Result "1-0"]
[WhiteElo "2551"]
[BlackElo "2379"]
[PlyCount "73"]
[EventDate "2004.??.??"]

1. e4 e5 2. Nf3 d6 3. d4 exd4 4. Nxd4 Nf6 5. Nc3 g6 6. Be3 Bg7 7. Qd2 O-O 8.
O-O-O Nc6 9. f3 Nxd4 10. Bxd4 Be6 11. Be3 a6 12. Bh6 Bxh6 13. Qxh6 Qe7 14. Kb1
b5 15. g4 b4 16. Ne2 a5 17. Qg5 Rfe8 18. Nd4 Bd7 19. Bc4 a4 20. h4 c6 21. h5
Qe5 22. Qxe5 Rxe5 23. hxg6 hxg6 24. Ne2 d5 25. exd5 cxd5 26. Bd3 a3 27. Nd4
axb2 28. Kxb2 Ne8 29. Rh2 Kf8 30. Rh7 Ba4 31. f4 Re3 {#} 32. f5 g5 33. f6 Nxf6
34. Rh8+ Ng8 35. Bh7 Kg7 36. Rxg8+ Rxg8 37. Nf5+ 1-0

[Event "BL 0405 Preetzer TSV - Hamburger SK"]
[Site "?"]
[Date "2004.11.26"]
[Round "7.4"]
[White "Skytte, Rasmus"]
[Black "Wahls, Matthias"]
[Result "0-1"]
[WhiteElo "2392"]
[BlackElo "2551"]
[PlyCount "82"]
[EventDate "2004.??.??"]

1. e4 c5 2. c3 Nf6 3. e5 Nd5 4. d4 cxd4 5. Nf3 e6 6. cxd4 d6 7. Bc4 Nc6 8. O-O
Be7 9. Qe2 O-O 10. Rd1 Bd7 11. exd6 Bxd6 12. Nc3 Nxc3 13. bxc3 Qc7 14. h4 Ne7
15. Bd3 Nd5 16. Bd2 Bf4 17. Be1 Bh6 18. Qc2 g6 19. Ne5 Rfd8 20. c4 Nf6 21. Qb2
Be8 22. Bc3 Bg7 23. Rab1 b6 24. Re1 Rac8 25. g3 Nd7 26. Ng4 h5 27. Ne3 Nb8 28.
Be4 f5 29. Bg2 f4 30. gxf4 Qxf4 31. d5 e5 32. Bh3 Nd7 33. d6 Qxh4 34. Bg2 Nc5
35. Rbd1 Qg5 36. Rd5 Bc6 37. Bxe5 Bxd5 38. Nxd5 Nd3 39. Bxg7 Nxe1 40. Nf6+ Kf7
41. Ng4 Qxg4 0-1

[Event "BL 0405 Preetzer TSV - Hamburger SK"]
[Site "?"]
[Date "2004.11.26"]
[Round "7.6"]
[White "Junge, Kai"]
[Black "Heinemann, Thies"]
[Result "1/2-1/2"]
[WhiteElo "2259"]
[BlackElo "2453"]
[PlyCount "185"]
[EventDate "2004.??.??"]

1. Nf3 c5 2. g3 b6 3. Bg2 Bb7 4. O-O Nf6 5. d3 g6 6. e4 d6 7. Nh4 Nc6 8. f4 Bg7
9. c3 e6 10. Na3 O-O 11. Nc2 Rc8 12. Re1 Rc7 13. Nf3 Qa8 14. Qe2 Rd8 15. Bd2
Ne7 16. Ng5 h6 17. Nh3 Qc8 18. Nf2 Ne8 19. Rad1 Bc6 20. d4 Bb7 21. Be3 Ba6 22.
Qd2 d5 23. dxc5 bxc5 24. f5 gxf5 25. Bxh6 fxe4 26. Bxg7 Kxg7 27. Qg5+ Ng6 28.
Bxe4 f5 29. Ng4 fxe4 30. Ne5 Nd6 31. Nxg6 Nf7 32. Qh5 Rg8 33. Ne3 Qd8 34. h4
Qf6 35. Nf4 Ne5 36. Kg2 Rh8 37. Qg5+ Qxg5 38. hxg5 Nf3 39. Rh1 Nxg5 40. Rxh8
Kxh8 41. Rh1+ Kg8 42. Rh5 Nf3 43. Nxe6 Re7 44. Nf4 d4 45. cxd4 cxd4 46. Nf5 Rh7
47. Rxh7 Kxh7 48. Kf2 Bb7 49. Ne6 e3+ 50. Nxe3 dxe3+ 51. Kxe3 Kg6 52. Nc5 Bc6
53. b4 Ne5 54. a4 Kf5 55. Kd4 Nf3+ 56. Kc4 Ke5 57. b5 Be8 58. a5 Kd6 59. Ne4+
Ke5 60. Nc5 Bf7+ 61. Kb4 {0} Nd4 62. b6 axb6 63. Nd7+ Kd6 64. Nxb6 Nc6+ 65. Kb5
Be8 66. Nc4+ Kd5 67. Nb2 Ne5+ 68. Kb6 Kd6 69. a6 Bc6 70. Ka5 Bf3 71. Kb6 Nd7+
72. Ka5 Nb8 73. Kb6 Be2 74. a7 Nd7+ 75. Ka5 Bf3 76. Kb5 Bc6+ 77. Kc4 Nb6+ 78.
Kd4 Nc8 79. Nc4+ Ke6 80. Ke3 Kf5 81. Kf2 Nxa7 82. Ne3+ Ke4 83. Nc4 Nb5 84. Nd2+
Kf5 85. Ke3 Kg4 86. Kf2 Nc3 87. Nc4 Ne4+ 88. Ke3 Kxg3 89. Ne5 Bb7 90. Kd4 Kf4
91. Nd3+ Kf5 92. Nc5 Nxc5 93. Kxc5 1/2-1/2

[Event "BL 0405  Preetzer TSV - Hamburger SK"]
[Site "?"]
[Date "2004.11.26"]
[Round "7.7"]
[White "Langrock, Hannes"]
[Black "Willsch, Matthias"]
[Result "1-0"]
[WhiteElo "2407"]
[BlackElo "2250"]
[PlyCount "77"]
[EventDate "2004.??.??"]

1. e4 e6 2. d4 d5 3. Nc3 Bb4 4. Nge2 Nc6 5. a3 Ba5 6. e5 Nge7 7. b4 Bb6 8. Na4
Nf5 9. Nxb6 axb6 10. Bb2 f6 11. Ng3 fxe5 12. dxe5 Nce7 13. Bd3 O-O 14. O-O Bd7
15. Qg4 c5 16. c4 d4 17. Rae1 Nxg3 18. hxg3 Nf5 19. Qh3 g6 20. g4 Ng7 21. Bc1
Qe7 22. b5 Rf7 23. f4 Raf8 24. Qh6 Bc8 25. Rf3 Ne8 26. f5 exf5 27. e6 Rg7 28.
Bg5 Qd6 29. Bf4 Qe7 30. Bg5 Qd6 31. gxf5 gxf5 32. Bxf5 d3 33. Ref1 Qd4+ 34. Be3
Qf6 35. Bxh7+ Rxh7 36. Qxf8+ Qxf8 37. Rxf8+ Kg7 38. R1f7+ Kg6 39. Rxh7 1-0

[Event "BL 0405 Preetzer TSV - Hamburger SK"]
[Site "?"]
[Date "2004.11.26"]
[Round "7.8"]
[White "Marxen, Peter"]
[Black "Sebastian, Dirk"]
[Result "0-1"]
[WhiteElo "2212"]
[BlackElo "2371"]
[PlyCount "80"]
[EventDate "2004.??.??"]

1. e4 e5 2. Nf3 Nc6 3. Nc3 Nf6 4. Bb5 Nd4 5. Nxd4 exd4 6. e5 dxc3 7. exf6 Qxf6
8. dxc3 Qe5+ 9. Qe2 Qxe2+ 10. Bxe2 d5 11. O-O Bf5 12. Re1 O-O-O 13. Bd3 Bxd3
14. cxd3 d4 15. c4 Bb4 16. Rd1 Rhe8 17. Kf1 a5 18. Bd2 Bxd2 19. Rxd2 Rd6 20.
Re1 Rxe1+ 21. Kxe1 Kd7 22. Re2 Rg6 23. Kf1 Rb6 24. Ke1 a4 25. Kd1 Rg6 26. g3
Rh6 27. f4 Rb6 28. Kc2 Re6 29. Kd2 Rh6 30. Kc2 Rh3 31. b4 axb3+ 32. axb3 h5 33.
b4 h4 34. gxh4 b6 35. Re4 c5 36. bxc5 bxc5 37. Re5 Rxh2+ 38. Kd1 Rxh4 39. Rg5
g6 40. f5 Rh5 0-1

[Event "BL 0405 SV Wattenscheid - Solinger SG"]
[Site "?"]
[Date "2004.11.27"]
[Round "7.2"]
[White "Macieja, Bartlomiej"]
[Black "Naumann, Alexander"]
[Result "1/2-1/2"]
[WhiteElo "2613"]
[BlackElo "2538"]
[PlyCount "69"]
[EventDate "2004.??.??"]

1. e4 e5 2. Nf3 Nc6 3. Bb5 a6 4. Bxc6 dxc6 5. Nc3 f6 6. d4 exd4 7. Nxd4 c5 8.
Nde2 Qxd1+ 9. Nxd1 Bd7 10. Bf4 O-O-O 11. Ne3 Bc6 12. f3 Ne7 13. Kf2 g5 14. Bg3
Bg7 15. h4 h6 16. Rad1 Rxd1 17. Rxd1 f5 18. exf5 Rf8 19. hxg5 hxg5 20. Rh1 Nxf5
21. Nxf5 Rxf5 22. c3 Rf7 23. Re1 Bd5 24. a3 Kd7 25. Ng1 Kc6 26. Nh3 Bf6 27. Re8
g4 28. Nf4 gxf3 29. gxf3 Bc4 30. Re4 b5 31. Ng6 Bd5 32. Rf4 Bg7 33. Rxf7 Bxf7
34. Ne5+ Bxe5 35. Bxe5 1/2-1/2

[Event "BL 0405 SV Wattenscheid - Solinger SG"]
[Site "?"]
[Date "2004.11.27"]
[Round "7.4"]
[White "Johannessen, Leif Erlend"]
[Black "Werle, Jan"]
[Result "1-0"]
[WhiteElo "2519"]
[BlackElo "2457"]
[PlyCount "85"]
[EventDate "2004.??.??"]

1. d4 Nf6 2. c4 e6 3. Nc3 Bb4 4. e3 O-O 5. Bd3 d5 6. Nf3 c5 7. O-O Nc6 8. a3
Bxc3 9. bxc3 Qc7 10. Bb2 dxc4 11. Bxc4 e5 12. h3 Bf5 13. Qe2 Rad8 14. Rfd1 e4
15. Nd2 b6 16. Bb5 Bg6 17. Nf1 Ne7 18. c4 Nf5 19. d5 Qe7 20. a4 Nd6 21. Bc3 Nh5
22. Re1 f5 23. g3 Nf7 24. Nd2 Ng5 25. Qf1 Nf3+ 26. Nxf3 exf3 27. a5 Qg5 28. Kh2
Nf6 29. axb6 axb6 30. Ra7 Qh5 31. Rea1 Be8 32. Bxe8 Rdxe8 33. Rb7 Rf7 34. Raa7
Ref8 35. Rxf7 Rxf7 36. Ra8+ Rf8 37. Rxf8+ Kxf8 38. Bxf6 gxf6 39. Qb1 f4 40.
exf4 Qe8 41. Qxb6 Qe2 42. Qxc5+ Kg7 43. Qe3 1-0

[Event "BL 0405 SV Wattenscheid - Solinger SG"]
[Site "?"]
[Date "2004.11.27"]
[Round "7.5"]
[White "Ernst, Sipke"]
[Black "Handke, Florian"]
[Result "1-0"]
[WhiteElo "2521"]
[BlackElo "2467"]
[PlyCount "66"]
[EventDate "2004.??.??"]

1. Nf3 d5 2. d4 c6 3. c4 Nf6 4. Nc3 dxc4 5. a4 Bf5 6. e3 e6 7. Bxc4 Bb4 8. O-O
Nbd7 9. Qe2 Bg6 10. e4 O-O 11. Bd3 Bh5 12. Bf4 Re8 13. e5 Nd5 14. Bd2 c5 15.
dxc5 Nxc3 16. bxc3 Bxc5 17. Bf4 Bg6 18. Rfd1 Bxd3 19. Rxd3 Qc7 20. Ng5 Nf8 21.
Qh5 Red8 22. Rg3 g6 23. Ne4 Nd7 24. Bg5 Qxe5 25. Qe2 f5 26. Nf6+ Kf7 27. Rh3 h5
28. Rxh5 Rh8 29. Rxh8 Rxh8 30. Qxe5 Nxe5 31. Re1 Nd3 32. Rd1 Ne5 33. Nd7 Nxd7
1-0

[Event "BL 0405 SV Wattenscheid - Solinger SG"]
[Site "?"]
[Date "2004.11.27"]
[Round "7.6"]
[White "Appel, Ralf"]
[Black "Drabke, Lorenz Maximilian"]
[Result "1/2-1/2"]
[WhiteElo "2507"]
[BlackElo "2433"]
[PlyCount "30"]
[EventDate "2004.??.??"]

1. Nf3 d5 2. c4 c6 3. b3 Bg4 4. e3 Nf6 5. Bb2 e6 6. Be2 Nbd7 7. O-O Bd6 8. Nc3
O-O 9. d4 Qe7 10. h3 Bh5 11. Re1 Ne4 12. Nxe4 dxe4 13. Ne5 Bxe2 14. Rxe2 Rad8
15. Qc2 f5 1/2-1/2

[Event "BL 0405 SV Wattenscheid - Solinger SG"]
[Site "?"]
[Date "2004.11.27"]
[Round "7.7"]
[White "Emms, John M"]
[Black "Holzke, Frank Dr"]
[Result "1-0"]
[WhiteElo "2504"]
[BlackElo "2492"]
[PlyCount "51"]
[EventDate "2004.??.??"]

1. e4 e5 2. Nf3 Nf6 3. Nxe5 d6 4. Nf3 Nxe4 5. d4 d5 6. Bd3 Nc6 7. O-O Bg4 8. c4
Nf6 9. Nc3 Nxd4 10. Qe1+ Be7 11. Nxd4 dxc4 12. Nf5 cxd3 13. Nxg7+ Kd7 14. f3
Qg8 15. Bh6 Be6 16. Rd1 Kc8 17. Nxe6 fxe6 18. Rxd3 Qf7 19. Qe5 Rg8 20. Nb5 Ne8
21. Rc1 Bf6 22. Qf4 c6 23. Qe4 Qe7 24. Rxc6+ Kb8 25. Bf4+ e5 26. Bxe5+ 1-0

[Event "BL 0405 SV Wattenscheid - Solinger SG"]
[Site "?"]
[Date "2004.11.27"]
[Round "7.8"]
[White "Straeter, Timo"]
[Black "Schneider, Bernd"]
[Result "1-0"]
[WhiteElo "2348"]
[BlackElo "2441"]
[PlyCount "63"]
[EventDate "2004.??.??"]

1. d4 g6 2. Nf3 Bg7 3. c3 d6 4. Bg5 Nf6 5. Nbd2 Nbd7 6. e4 e5 7. dxe5 dxe5 8.
Qc2 O-O 9. Be2 Qe7 10. O-O Rd8 11. a4 a5 12. Nc4 b6 13. Rfe1 Bb7 14. Bf1 h6 15.
Bh4 Nc5 16. Ncxe5 g5 17. Bc4 gxh4 18. Nxf7 Ne6 19. Nxd8 Rxd8 20. Nd4 Bc8 21.
Nc6 Qe8 22. Nxd8 Qxd8 23. Rad1 Qe7 24. e5 Nd7 25. Qe4 Ndf8 26. h3 Kh8 27. Qd5
Bd7 28. f4 c6 29. Qd6 Qf7 30. Rf1 b5 31. f5 bxc4 32. fxe6 1-0

[Event "BL 0405 Stuttgarter Sfr - TV Tegernsee"]
[Site "?"]
[Date "2004.11.26"]
[Round "7.1"]
[White "Sokolov, Andrei"]
[Black "Oral, Tomas"]
[Result "1/2-1/2"]
[WhiteElo "2591"]
[BlackElo "2565"]
[PlyCount "64"]
[EventDate "2004.??.??"]

1. e4 c5 2. Nf3 Nc6 3. d4 cxd4 4. Nxd4 Qc7 5. Nc3 e6 6. g3 a6 7. Bg2 d6 8. O-O
Bd7 9. Re1 Be7 10. Nxc6 Bxc6 11. Qg4 h5 12. Qe2 h4 13. a4 hxg3 14. hxg3 Nf6 15.
a5 e5 16. Be3 Qd7 17. Nd5 Bxd5 18. exd5 Ng4 19. Bb6 f5 20. c4 e4 21. Rad1 O-O
22. f3 Ne5 23. fxe4 f4 24. gxf4 Rxf4 25. Rf1 Raf8 26. Rxf4 Rxf4 27. Rf1 Rxf1+
28. Bxf1 Qa4 29. Bd4 Qxa5 30. Bxe5 dxe5 31. Qh5 Qb6+ 32. Kh1 Qh6 1/2-1/2

[Event "BL 0405 Stuttgarter Sfr - TV Tegernsee"]
[Site "?"]
[Date "2004.11.26"]
[Round "7.3"]
[White "Bischoff, Klaus"]
[Black "Reuss, Andreas"]
[Result "1-0"]
[WhiteElo "2559"]
[BlackElo "2356"]
[PlyCount "81"]
[EventDate "2004.??.??"]

1. d4 c6 2. c4 Nf6 3. Nc3 d6 4. e4 e5 5. Nf3 Bg4 6. Be2 Nbd7 7. O-O Be7 8. Be3
O-O 9. d5 c5 10. Ne1 Bxe2 11. Qxe2 Ne8 12. Qd2 h6 13. g3 Nef6 14. Qe2 Kh7 15.
Ng2 g6 16. Bd2 a6 17. Ne3 Qe8 18. a4 a5 19. Qf3 Nb6 20. b3 Qd7 21. Nb5 Nc8 22.
Rae1 Na7 23. Bc3 b6 24. Qg2 Ng4 25. Nxg4 Qxg4 26. Na3 Qd7 27. f4 f6 28. Bd2
Rae8 29. Nb1 Nc8 30. Nc3 Bd8 31. Rf3 Be7 32. Ref1 Kg7 33. g4 g5 34. fxg5 fxg5
35. Ne2 Rxf3 36. Rxf3 Rf8 37. Ng3 Rxf3 38. Qxf3 Kg8 39. Kg2 Bf8 40. Qf5 Qxf5
41. exf5 1-0

[Event "BL 0405 Stuttgarter Sfr - TV Tegernsee"]
[Site "?"]
[Date "2004.11.26"]
[Round "7.4"]
[White "Vujic, Branimir"]
[Black "Boensch, Uwe"]
[Result "0-1"]
[WhiteElo "2360"]
[BlackElo "2540"]
[PlyCount "96"]
[EventDate "2004.??.??"]

1. d4 d5 2. Bf4 Nf6 3. e3 g6 4. c4 Bg7 5. Nc3 c6 6. Qb3 O-O 7. h3 dxc4 8. Bxc4
b5 9. Be2 Be6 10. Qc2 Qa5 11. Nf3 b4 12. Qa4 Qb6 13. Nb1 Nbd7 14. Nbd2 c5 15.
O-O cxd4 16. exd4 Nd5 17. Bg3 a5 18. Nc4 Qa6 19. Rfe1 N7b6 20. Nxb6 Qxb6 21.
Rad1 Rfc8 22. Rd2 Bh6 23. Rdd1 Bf5 24. Bd3 Bxd3 25. Rxd3 Qc6 26. Qb3 a4 27. Qd1
Qc2 28. Ne5 Qxd1 29. Rdxd1 Rc2 30. Nd3 f6 31. Rb1 Kf7 32. Kf1 Rc4 33. Re4 a3
34. Rh4 Bg5 35. Rg4 Rc2 36. bxa3 bxa3 37. Ra1 Bd2 38. Re4 Nc3 39. Rh4 h5 40.
Nb4 Rb2 41. d5 Ra4 42. Nc6 Rxh4 43. Bxh4 Rxa2 44. Rxa2 Nxa2 45. Nd4 Nb4 46. Nb3
a2 47. f3 Nxd5 48. Be1 Ne3+ 0-1

[Event "BL 0405 Stuttgarter Sfr - TV Tegernsee"]
[Site "?"]
[Date "2004.11.26"]
[Round "7.5"]
[White "Kindermann, Stefan"]
[Black "Vuckovic, Aleksandar"]
[Result "1-0"]
[WhiteElo "2536"]
[BlackElo "2325"]
[PlyCount "77"]
[EventDate "2004.??.??"]

1. e4 c5 2. Nf3 Nc6 3. Bb5 g6 4. Bxc6 dxc6 5. d3 Bg4 6. Nbd2 Bh6 7. h3 Bxf3 8.
Nxf3 Bxc1 9. Qxc1 Qa5+ 10. c3 Rd8 11. O-O Rxd3 12. e5 Qd8 13. Qf4 Qd7 14. e6
Qxe6 15. Rfe1 Qf5 16. Qb8+ Rd8 17. Qxb7 Qd7 18. Qb3 Nh6 19. Rad1 Qc7 20. Rxd8+
Qxd8 21. Qb7 O-O 22. Qxa7 Qd5 23. Qxe7 Qxa2 24. Ng5 Nf5 25. Qxc5 Qxb2 26. Nxh7
Ra8 27. Nf6+ Kg7 28. Qxc6 Ra1 29. Rxa1 Qxa1+ 30. Kh2 Qc1 31. Ng4 Qf4+ 32. g3
Qd2 33. Qf6+ Kf8 34. Qh8+ Ke7 35. Qe5+ Kf8 36. Kg2 Qd3 37. Qh8+ Ke7 38. Qf6+
Ke8 39. Qxf7+ 1-0